Giáo trình địa lí các châu lục T.2 Châu Nam cực, châu Đại dương, châu Á và phương pháp dạy học bộ môn

Trình bày khái niệm và những kiến thức cơ bản về địa lí tự nhiên châu Nam Cực, châu đại Dương, châu Á; Khái quát về địa lí nhân văn và đặc điểm phát triển kinh tế xã hội các nước châu Á; Phương pháp dạy học bộ môn địa lí các châu......

Description complète

Enregistré dans:
Détails bibliographiques
Auteur principal: Nguyễn Phi Hạnh (chủ biên)
Autres auteurs: Ông Thị Đan Thanh
Format: Livre
Langue:Vietnamese
Publié: H. Nxb. Đại học Sư phạm 2007
Sujets:
Tags: Ajouter un tag
Pas de tags, Soyez le premier à ajouter un tag!
Thư viện lưu trữ: Mạng thư viện Đại học Đà Nẵng
LEADER 01448aam a22003258a 4500
001 000016341
003 12743
005 20120914130906.0
008 120914s2007 viesd
020 |d 500b 
041 0 |a vie 
082 1 4 |2 14  |a 910.71  |b NG-H 
100 1 |a Nguyễn Phi Hạnh  |e chủ biên 
245 1 0 |a Giáo trình địa lí các châu lục  |c Nguyễn Phi Hạnh (ch.b.), Ông Thị Đan Thanh  |n T.2  |p Châu Nam cực, châu Đại dương, châu Á và phương pháp dạy học bộ môn 
260 |a H.  |b Nxb. Đại học Sư phạm  |c 2007 
300 |a 181tr.  |b ảnh, bản đồ  |c 24cm 
500 |a Đầu bìa sách ghi: Bộ Giáo dục và Đào. Dự án Đào tạo Giáo viên THCS 
520 |a Trình bày khái niệm và những kiến thức cơ bản về địa lí tự nhiên châu Nam Cực, châu đại Dương, châu Á; Khái quát về địa lí nhân văn và đặc điểm phát triển kinh tế xã hội các nước châu Á; Phương pháp dạy học bộ môn địa lí các châu... 
650 7 |2 Bộ TK TVQG  |a Địa lí tự nhiên 
650 7 |2 Bộ TK TVQG  |a Phương pháp giảng dạy 
655 7 |2 Bộ TK TVQG  |a Giáo trình 
700 1 |a Ông Thị Đan Thanh 
OWN |a LSP 
999 |a From the UDN01 
TYP |a Monograph 
TYP |a Printed language 
980 |a Mạng thư viện Đại học Đà Nẵng